| 000 | 00384nam a22001457a 4500 | ||
|---|---|---|---|
| 005 | 20250317172233.0 | ||
| 008 | 250317b |||||||| |||| 00| 0 eng d | ||
| 020 | _a9715810438 | ||
| 050 |
_aBV 4501.2 WHI _b1 |
||
| 100 | _aWHITE, Gould Ellen | ||
| 245 | _aGrowing more like Jesus | ||
| 260 |
_aPhilippines _bPhilippines Publishing House _c2001c |
||
| 300 | _a195p | ||
| 942 |
_2lcc _cBK _n0 |
||
| 999 |
_c4898 _d4898 |
||